On This Day: September 18th II Quiz Stats

 Plays Quiz Updated Sep 18, 2018

Score 0/7 Timer 03:00
0 Plays Today
Question Answer Wrong Answers
Letters containing ______ spores are sent from Trenton, New Jersey, eventually reaching several news media offices and two Democratic US Senators.
2001
Anthrax
91.6%
Ebola
2%
Smallpox
3%
Polio
0.9%
Described as a ‘stationery and fancy goods emporium’, this American luxury jewelry retailer opens in New York City.
1837
Tiffany & Co.
91.5%
Cartier
5.2%
Swarovski
1.7%
Rolex
1.6%
Buddhist monks join anti-government protesters in this country, starting what some have called the Saffron Revolution.
2007
Myanmar
67%
China
17.5%
Lebanon
3%
Pakistan
9.8%
This former SNL cast member, known for roles in films like ‘Horrible Bosses’ and ‘We’re the Millers’, is born.
1975
Jason Sudeikis
65.9%
Charlie Day
6.6%
Bill Hader
18%
Fred Armisen
7.6%
The Government of ______ Act, also known as the Home Rule Act, gains Royal Assent, but is delayed until after World War I.
1914
Ireland
48.9%
Scotland
19.6%
Palestine
5.5%
India
24.4%
Yugoslavia begins a naval blockade of seven ______ port cities.
1991
Adriatic Sea
44.9%
Black Sea
15.3%
Caspian Sea
7.9%
Baltic Sea
29.7%
This man accedes to the throne of Sweden-Norway.
1872
King Oscar II
40%
King George III
3.8%
King Wilhelm II
43.9%
King Charles IV
11.3%

You're not logged in!

Compare scores with friends on all Sporcle quizzes.
OR
Log In

Sporcle TV

Today on Sporcle TV


Watch our educational content, quiz creation guides, and fun videos on Sporcle TV.

Show Comments

Extras

Top Quizzes Today


Score Distribution

Your Account Isn't Verified!

In order to create a playlist on Sporcle, you need to verify the email address you used during registration. Go to your Sporcle Settings to finish the process.

Report this User

Report this user for behavior that violates our Community Guidelines.

Details: